000 00605nam a22002177a 4500
003 UA-OsUOA
001 87113
007 ta
008 20120914b un ||||| |||| 00| 0 ukr d
090 _a821.161.1(091)
_bР89
942 _cBK
040 _aUA-OsUOA
_brus
_cUA-OsUOA
_dUA-OsUOA
245 _aРусская литература конца XIX- начала XX в. 1908-1917
300 _a736 с.
955 _a4
041 _arus
080 _a821.161.1(091)
260 _aМ.
_bНаука
_c1972
650 7 _a82 Література. Літературознавство
_2UDC
999 _c373399
_d373399